<?xml version="1.0" encoding="UTF-8"?>
<collection xmlns="http://www.loc.gov/MARC21/slim">
 <record>
  <leader>00944pamaa2200265   4500</leader>
  <controlfield tag="001">0000043652</controlfield>
  <controlfield tag="005">20121212090000.0</controlfield>
  <controlfield tag="008">080502                             eng  </controlfield>
  <datafield tag="020" ind1="0" ind2="0">
   <subfield code="a">9780443069307 </subfield>
  </datafield>
  <datafield tag="090" ind1="0" ind2="0">
   <subfield code="a">RG524 </subfield>
   <subfield code="b">GAB 2007</subfield>
  </datafield>
  <datafield tag="100" ind1="1" ind2="0">
   <subfield code="a">Gabbe </subfield>
  </datafield>
  <datafield tag="245" ind1="1" ind2="0">
   <subfield code="a">Obstetrics : </subfield>
   <subfield code="b">normal and problem pregnancies  </subfield>
   <subfield code="c">[edited by] Steven G. Gabbe, Jennifer R. Niebyl, Joe Leigh Simpson ; associate editors, Henry Galan ... [et al.].</subfield>
  </datafield>
  <datafield tag="250" ind1="0" ind2="0">
   <subfield code="a">5th ed.</subfield>
  </datafield>
  <datafield tag="260" ind1="0" ind2="0">
   <subfield code="a">Philadelphia, PA: </subfield>
   <subfield code="b">Churchill Livingstone/Elsevier, </subfield>
   <subfield code="c">2007.</subfield>
  </datafield>
  <datafield tag="300" ind1=" " ind2=" ">
   <subfield code="a">xvii, 1391 p.: </subfield>
   <subfield code="b">ill. (some col.); </subfield>
   <subfield code="c">29 cm.</subfield>
  </datafield>
  <datafield tag="501" ind1="0" ind2="0">
   <subfield code="a">SAH</subfield>
  </datafield>
  <datafield tag="504" ind1="0" ind2="0">
   <subfield code="a">Includes bibliographical references and index</subfield>
  </datafield>
  <datafield tag="650" ind1="0" ind2="0">
   <subfield code="a">Pregnancy Complications </subfield>
  </datafield>
  <datafield tag="650" ind1="0" ind2="0">
   <subfield code="a">Pregnancy </subfield>
  </datafield>
  <datafield tag="650" ind1="0" ind2="0">
   <subfield code="a">Obstetrics </subfield>
  </datafield>
  <datafield tag="650" ind1="0" ind2="0">
   <subfield code="a">Pregnancy -- </subfield>
   <subfield code="x">Complications </subfield>
  </datafield>
  <datafield tag="650" ind1="0" ind2="0">
   <subfield code="a">Obstetrics -- </subfield>
   <subfield code="x">method </subfield>
  </datafield>
  <datafield tag="700" ind1="1" ind2="1">
   <subfield code="a">Niebyl, </subfield>
   <subfield code="h">Jennifer R. </subfield>
  </datafield>
  <datafield tag="700" ind1="1" ind2="1">
   <subfield code="a">Simpson, </subfield>
   <subfield code="h">Joe Leigh </subfield>
  </datafield>
  <datafield tag="901" ind1=" " ind2=" ">
   <subfield code="u">http://www.elsevierhealth.com</subfield>
  </datafield>
 </record>
</collection>
